[Event "Quebec op"]
[Site "Longueuil CAN"]
[Date "2018.07.28"]
[Round "9.13"]
[White "Saine, Zachary"]
[Black "Babb, Jeff"]
[Result "0-1"]
[WhiteElo "1899"]
[BlackElo "2054"]
[PlyCount "128"]
[EventDate "2018.07.21"]
[EventType "swiss"]
[EventRounds "9"]
[EventCountry "CAN"]

1. e4 d6 2. d4 Nf6 3. Bd3 g6 4. Ne2 Bg7 5. O-O O-O 6. c3 c5 7. h3 Nc6 8. Na3
cxd4 9. cxd4 Nb4 10. Bb1 e5 11. d5 Na6 12. Be3 Nc5 13. b4 Ncd7 14. Nb5 Nb6 15.
Qc1 Ne8 16. a4 Bd7 17. Bd3 Rc8 18. Qb1 a6 19. Na7 Ra8 20. a5 Nc8 21. Nxc8 Rxc8
22. b5 axb5 23. Bxb5 f5 24. f3 fxe4 25. Bxd7 Qxd7 26. fxe4 Nf6 27. Qb4 Rc2 28.
Ng3 Rfc8 29. Rfb1 R8c7 30. Ra4 h5 31. Bb6 R7c3 32. Bf2 Bh6 33. Rb3 Rc1+ 34. Nf1
Nxe4 35. Qxe4 Rxb3 36. Rc4 Rxc4 37. Qxc4 Rb1 38. Kh2 Qf5 39. Qe2 h4 40. Nd2 Rb2
41. Be3 Bf4+ 42. Kg1 Bg3 43. Qf3 Qxf3 44. gxf3 Rb5 45. Bb6 Rxd5 46. Ne4 Rd3 47.
Kg2 Bf4 48. Bd8 Kf7 49. Bxh4 Ke6 50. Bd8 Kd7 51. Bb6 Kc6 52. h4 Rb3 53. Bd8 d5
54. Nf2 Rb2 55. Kf1 Ra2 56. Nd3 Ra4 57. Ke2 Kd6 58. Bb6 Ra2+ 59. Kf1 Bd2 60.
Nc5 Kc6 61. Nb3 Bb4 62. f4 Ra3 63. Nc1 Ra1 64. Be3 d4 0-1

[Event "Quebec op"]
[Site "Longueuil CAN"]
[Date "2018.07.28"]
[Round "9.14"]
[White "Saha, Ananda"]
[Black "Ouellet, Maili-Jade"]
[Result "1/2-1/2"]
[WhiteElo "1950"]
[BlackElo "2197"]
[PlyCount "89"]
[EventDate "2018.07.21"]
[EventType "swiss"]
[EventRounds "9"]
[EventCountry "CAN"]

1. d4 d5 2. c4 e6 3. Nc3 Be7 4. cxd5 exd5 5. Bf4 c6 6. e3 Nf6 7. Bd3 O-O 8. Nf3
Nbd7 9. h3 Re8 10. O-O Nf8 11. Qc2 Ng6 12. Bh2 Bd6 13. Bxd6 Qxd6 14. Rab1 Be6
15. b4 a6 16. Na4 Rad8 17. Nc5 Bc8 18. a4 Qe7 19. b5 axb5 20. axb5 Ne4 21. Bxe4
dxe4 22. Nd2 f5 23. bxc6 bxc6 24. Rb6 Rd6 25. Ra1 Nh4 26. Nf1 Rg6 27. Ng3 h5
28. Ra8 Nxg2 29. Rbb8 Qc7 30. Qb3+ Kh7 31. Qd1 Rg5 32. Rxc8 Rxc8 33. Ne6 Rxa8
34. Nxc7 Nxe3 35. fxe3 Ra2 36. Kh1 Rxg3 37. Qxh5+ Kg8 38. Qxf5 Ra1+ 39. Kh2
Rxe3 40. Qe6+ Kh7 41. Kg2 Rae1 42. Qf5+ Kg8 43. Qe6+ Kh7 44. Qf5+ Kg8 45. Qe6+
1/2-1/2

[Event "Quebec op"]
[Site "Longueuil CAN"]
[Date "2018.07.28"]
[Round "9.15"]
[White "Van Hoolandt, Patrick"]
[Black "Libersan, Thierry"]
[Result "1/2-1/2"]
[WhiteElo "2065"]
[BlackElo "2047"]
[PlyCount "130"]
[EventDate "2018.07.21"]
[EventType "swiss"]
[EventRounds "9"]
[EventCountry "CAN"]

1. d4 Nf6 2. c4 g6 3. Nc3 Bg7 4. e4 d6 5. Nf3 O-O 6. Be3 Nbd7 7. h3 c5 8. d5
Re8 9. Be2 e6 10. Nd2 exd5 11. cxd5 a6 12. a4 Rb8 13. O-O Nb6 14. Qc2 Bd7 15.
Bf4 Nc8 16. a5 Bf8 17. Rfb1 Na7 18. b4 cxb4 19. Rxb4 Qc7 20. Rc4 Qd8 21. Rb4
Qc7 22. Qb3 Rec8 23. Be3 Qxc3 24. Qxc3 Rxc3 25. Bxa7 Ra8 26. Rxb7 Bc8 27. Bd4
Rc2 28. Rb2 Rxb2 29. Bxb2 Bg7 30. Rc1 Nxe4 31. Nxe4 Bxb2 32. Rc6 Be5 33. Nxd6
Bd7 34. Rb6 Bc3 35. Ne4 Bxa5 36. Nf6+ Kg7 37. Nxd7 Bxb6 38. Nxb6 Rd8 39. Bc4
Kf6 40. f4 Kf5 41. g3 Ke4 42. Bxa6 Rd6 43. Na4 Kf3 44. Nc5 f5 45. Kh2 Rb6 46.
Bf1 Rb2+ 47. Kg1 Rb6 48. Nd7 Rd6 49. Bg2+ Kxg3 50. Ne5 Kxf4 51. Nc4 Rd8 52. d6
Kg5 53. Kf2 Kf6 54. Bd5 Rxd6 55. Nxd6 Ke5 56. Ne8 Kxd5 57. Nf6+ Ke5 58. Nxh7
Kf4 59. Nf6 Kg5 60. Nd5 Kh4 61. Kg2 g5 62. Ne7 g4 63. Nxf5+ Kg5 64. hxg4 Kxg4
65. Nh4 Kf4 1/2-1/2

[Event "Quebec op"]
[Site "Longueuil CAN"]
[Date "2018.07.28"]
[Round "9.17"]
[White "Jacquet, Stephane"]
[Black "Yagiz, Bora"]
[Result "1-0"]
[WhiteElo "1936"]
[BlackElo "1862"]
[PlyCount "89"]
[EventDate "2018.07.21"]
[EventType "swiss"]
[EventRounds "9"]
[EventCountry "CAN"]

1. d4 Nf6 2. c4 g6 3. Nc3 Bg7 4. e4 d6 5. Nf3 O-O 6. Be2 e5 7. O-O Nh5 8. dxe5
dxe5 9. Qxd8 Rxd8 10. Nd5 Na6 11. Rd1 Bd7 12. Bg5 f6 13. Be3 c6 14. Nc3 Nf4 15.
Bxf4 exf4 16. Rd2 Be6 17. Rad1 Rxd2 18. Rxd2 Kf8 19. a3 Ke7 20. b4 g5 21. c5 f5
22. Bxa6 bxa6 23. Nd4 Bd7 24. exf5 Bxd4 25. Rxd4 Bxf5 26. h4 h6 27. Ne4 Bxe4
28. Rxe4+ Kf6 29. Rd4 gxh4 30. Rd6+ Kg5 31. Rxc6 a5 32. b5 a4 33. Ra6 Rb8 34.
Ra5 f3 35. c6 fxg2 36. Kxg2 Kf6 37. c7 Rc8 38. Rxa7 Ke6 39. b6 Kd7 40. Rb7 Ra8
41. Kh3 Rf8 42. Rb8 Rf3+ 43. Kxh4 Rc3 44. Rd8+ Ke7 45. c8=Q 1-0

[Event "Quebec op"]
[Site "Longueuil CAN"]
[Date "2018.07.28"]
[Round "9.18"]
[White "Wu, Tony (Dongze)"]
[Black "Zheng, Richard"]
[Result "0-1"]
[WhiteElo "1883"]
[BlackElo "1986"]
[PlyCount "86"]
[EventDate "2018.07.21"]
[EventType "swiss"]
[EventRounds "9"]
[EventCountry "CAN"]

1. d4 d5 2. Nf3 Nf6 3. g3 e6 4. Bg2 c5 5. O-O Nc6 6. c4 cxd4 7. Nxd4 Bc5 8. Nb3
Be7 9. cxd5 exd5 10. Nc3 Be6 11. Nd4 O-O 12. Be3 Qd7 13. Nxc6 bxc6 14. Na4 Rac8
15. Nc5 Bxc5 16. Bxc5 Bh3 17. Bxh3 Qxh3 18. f3 Nh5 19. Qe1 Rfe8 20. Qf2 a6 21.
Rad1 Qe6 22. Rfe1 f5 23. e3 Nf6 24. Qc2 Nd7 25. b3 Qg6 26. Bd4 Re6 27. Rc1 Rce8
28. Qd3 a5 29. Kf2 Ne5 30. Bxe5 Rxe5 31. Rc5 Qh6 32. h4 f4 33. e4 fxg3+ 34.
Kxg3 Qd6 35. Rec1 Rxe4+ 36. Kh3 Qe6+ 37. Kg3 Qe5+ 38. Kh3 Qf5+ 39. Kg2 Re2+ 40.
Kg3 Qe5+ 41. f4 Qe3+ 42. Kg4 Rg2+ 43. Kf5 Qe6# 0-1

[Event "Quebec op"]
[Site "Longueuil CAN"]
[Date "2018.07.28"]
[Round "9.19"]
[White "Turcotte, Jonathan"]
[Black "Auger, Bertrand"]
[Result "1-0"]
[WhiteElo "1941"]
[BlackElo "1935"]
[PlyCount "39"]
[EventDate "2018.07.21"]
[EventType "swiss"]
[EventRounds "9"]
[EventCountry "CAN"]

1. d4 Nf6 2. c4 e6 3. Nf3 b6 4. g3 Ba6 5. b3 Bb4+ 6. Bd2 Be7 7. Bg2 Bb7 8. Nc3
Ne4 9. O-O O-O 10. d5 exd5 11. cxd5 Nxc3 12. Bxc3 Bf6 13. Rc1 Na6 14. e4 d6 15.
Nd4 Re8 16. Re1 Qd7 17. b4 g6 18. Bf1 Rac8 19. Bb5 Qd8 20. Bxa6 1-0

[Event "Quebec op"]
[Site "Longueuil CAN"]
[Date "2018.07.28"]
[Round "9.20"]
[White "Currie, James"]
[Black "Chang, Alexander RZ"]
[Result "1-0"]
[WhiteElo "2006"]
[BlackElo "1597"]
[PlyCount "165"]
[EventDate "2018.07.21"]
[EventType "swiss"]
[EventRounds "9"]
[EventCountry "CAN"]

1. e4 e5 2. f4 Bc5 3. Nf3 d6 4. c3 Bg4 5. Na3 Nf6 6. Be2 O-O 7. b4 Bb6 8. d3
Re8 9. Nc4 Nbd7 10. Nxb6 axb6 11. O-O c6 12. h3 Bxf3 13. Bxf3 h6 14. g3 d5 15.
Qc2 dxe4 16. dxe4 Qe7 17. Re1 c5 18. Rb1 Qe6 19. a3 Qxh3 20. Qg2 Qxg2+ 21. Kxg2
Rec8 22. Bb2 g5 23. fxg5 hxg5 24. Rbd1 cxb4 25. cxb4 Rc2+ 26. Re2 Rac8 27. Rdd2
Rxd2 28. Rxd2 g4 29. Bd1 Kf8 30. Bb3 Ke7 31. Rf2 Rc6 32. a4 Rd6 33. Bc4 Rc6 34.
Ba2 Rd6 35. b5 Nxe4 36. Rxf7+ Kd8 37. Bc1 Rf6 38. Bb2 Rxf7 39. Bxf7 Ke7 40. Bd5
Nec5 41. Ba3 Kf6 42. Kf2 Nxa4 43. Bxb7 Nac5 44. Bc6 Kf5 45. Ke3 e4 46. Bb4 Ke5
47. Bc3+ Kf5 48. Bd4 Nb8 49. Bxc5 bxc5 50. Bxe4+ Ke5 51. Bd3 Nd7 52. Be2 Kf5
53. Kd3 Nb6 54. Bd1 Ke5 55. Bxg4 c4+ 56. Kd2 Kd4 57. Bf3 Kc5 58. Bc6 Nc8 59. g4
Nd6 60. g5 Nf5 61. Kc3 Ng7 62. Kb2 Ne6 63. g6 Kb6 64. Bd5 c3+ 65. Kc1 Ng7 66.
Bc4 Kc5 67. Be2 Ne6 68. Bg4 Ng7 69. Bd7 Kd6 70. Bc6 Ne6 71. Kc2 Kc5 72. Kxc3
Ng7 73. Kd2 Nf5 74. Ke2 Kd6 75. Kf2 Ke6 76. b6 Kd6 77. b7 Kc7 78. Be4 Ng7 79.
Kg3 Nh5+ 80. Kg4 Ng7 81. Kg5 Ne8 82. Kh6 Nf6 83. Bf3 1-0

[Event "Quebec op"]
[Site "Longueuil CAN"]
[Date "2018.07.28"]
[Round "9.21"]
[White "Acosta, Mariano"]
[Black "Lemieux, Serge"]
[Result "1-0"]
[WhiteElo "1802"]
[BlackElo "1702"]
[PlyCount "41"]
[EventDate "2018.07.21"]
[EventType "swiss"]
[EventRounds "9"]
[EventCountry "CAN"]

1. Nf3 d5 2. c4 c6 3. b3 Bg4 4. Ne5 Bf5 5. Bb2 f6 6. Nf3 e5 7. g3 Bc5 8. cxd5
cxd5 9. Bg2 Ne7 10. O-O Nbc6 11. d4 Bd6 12. dxe5 Nxe5 13. Nd4 Bd7 14. Nc3 N5c6
15. Nxd5 Nxd4 16. Nxe7 Qxe7 17. Bxd4 Be5 18. Bxe5 Qxe5 19. Bxb7 Rd8 20. Qd5
Qxd5 21. Bxd5 1-0

[Event "Quebec op"]
[Site "Longueuil CAN"]
[Date "2018.07.28"]
[Round "9.22"]
[White "Zhong, Kevin"]
[Black "Trottier, Alain"]
[Result "0-1"]
[WhiteElo "1925"]
[BlackElo "1966"]
[PlyCount "134"]
[EventDate "2018.07.21"]
[EventType "swiss"]
[EventRounds "9"]
[EventCountry "CAN"]

1. e4 c6 2. d4 d5 3. exd5 cxd5 4. c4 Nf6 5. Nc3 e6 6. Nf3 Be7 7. cxd5 Nxd5 8.
Bd3 O-O 9. O-O Nxc3 10. bxc3 Nd7 11. Bc2 Nf6 12. Qd3 b6 13. Bg5 g6 14. Bh6 Re8
15. Ne5 Qc7 16. Bf4 Bd6 17. Rac1 Bb7 18. Bb3 Rad8 19. Qe3 Ng4 20. Qg3 Nxe5 21.
dxe5 Be7 22. h4 Be4 23. Ba4 Rd3 24. Bxe8 Rxg3 25. Bxg3 Qd8 26. Ba4 Bxh4 27.
Bxh4 Qxh4 28. Bb3 Qg5 29. f3 Bxf3 30. Rc2 Qe3+ 31. Rff2 Bg4 32. Rcd2 Bf5 33.
Rd7 a6 34. Rd6 h5 35. c4 h4 36. Rdd2 Qxe5 37. Bc2 Bxc2 38. Rxc2 Qc5 39. Rcd2
Qxc4 40. Rc2 Qd5 41. Rcd2 Qc6 42. Rc2 Qb7 43. Rc4 g5 44. Rd2 Kg7 45. Rd6 h3 46.
gxh3 Qf3 47. Rcc6 Qg3+ 48. Kf1 Qxh3+ 49. Kg1 Qa3 50. Rxb6 Qxa2 51. Rxa6 Qb1+
52. Kg2 Qe4+ 53. Kg1 Qf3 54. Rd2 Qe3+ 55. Rf2 f5 56. Raa2 Kf6 57. Rae2 Qc1+ 58.
Rf1 Qc5+ 59. Kg2 e5 60. Rd1 f4 61. Red2 Kf5 62. Rd5 Qe3 63. Rd8 e4 64. R1d5+
Kg4 65. Rg8 f3+ 66. Kh1 Qe1+ 67. Kh2 Qg3+ 0-1

[Event "Quebec op"]
[Site "Longueuil CAN"]
[Date "2018.07.28"]
[Round "9.23"]
[White "Goldner, John"]
[Black "Vignalou, Joseph"]
[Result "0-1"]
[WhiteElo "1743"]
[BlackElo "1754"]
[PlyCount "100"]
[EventDate "2018.07.21"]
[EventType "swiss"]
[EventRounds "9"]
[EventCountry "CAN"]

1. e4 c5 2. Nf3 d6 3. d4 cxd4 4. Nxd4 Nf6 5. Nc3 a6 6. Bg5 e6 7. Qf3 Be7 8. Be2
h6 9. Be3 Nbd7 10. Qg3 Ne5 11. f4 Nd5 12. Bf2 Nxc3 13. Qxc3 Ng6 14. g3 Bd7 15.
O-O-O O-O 16. Bh5 Nh8 17. h4 Qc8 18. Qe1 Rd8 19. Bf3 Qc4 20. b3 Qc7 21. g4 Rac8
22. Rd2 Ng6 23. Bg3 Bf6 24. Rhh2 Qc3 25. Kb1 Bxd4 26. Rxd4 Qxd4 27. Rd2 Qc3 28.
Qe2 Bb5 29. Qg2 Qe3 30. c4 Be8 31. Re2 Qc5 32. g5 hxg5 33. hxg5 e5 34. f5 Ne7
35. Bf2 Qb4 36. Be1 Qc5 37. f6 Ng6 38. Qh1 b5 39. fxg7 Kxg7 40. Qh6+ Kg8 41.
Bg4 bxc4 42. Bf2 Qc6 43. Qh1 cxb3 44. axb3 Qc3 45. Qd1 Rb8 46. Re3 Qc6 47. Bf5
Rb4 48. Re1 Rdb8 49. Re3 Qc4 50. Ka2 Ba4 0-1

[Event "Quebec op U1600"]
[Site "Longueuil CAN"]
[Date "2018.07.26"]
[Round "7.69"]
[White "Jiang, Barron Jiyu"]
[Black "Michel, Andie"]
[Result "1-0"]
[WhiteElo "1310"]
[BlackElo "1227"]
[PlyCount "141"]
[EventDate "2018.07.21"]
[EventType "swiss"]
[EventRounds "9"]
[EventCountry "CAN"]

1. e4 c5 2. Nf3 Nc6 3. d4 cxd4 4. Nxd4 e5 5. Nf3 Nf6 6. Nc3 Bb4 7. Bd3 d5 8.
exd5 Bxc3+ 9. bxc3 Qxd5 10. Be2 O-O 11. Qxd5 Nxd5 12. Bc4 Nxc3 13. Bb2 Ne4 14.
Bd3 f5 15. Bxe4 fxe4 16. Nxe5 Nxe5 17. Bxe5 b6 18. O-O Bb7 19. Rad1 Rad8 20.
Bd6 Rfe8 21. Ba3 Ba6 22. Rfe1 Rxd1 23. Rxd1 h6 24. Rd7 e3 25. fxe3 Rxe3 26. Bb4
Re2 27. Rxa7 Bc4 28. Rd7 Bxa2 29. c3 Bc4 30. Rc7 Re1+ 31. Kf2 Re2+ 32. Kf3 b5
33. Rxc4 Rc2 34. Rc5 g5 35. h3 Kf7 36. Rxb5 Kg6 37. Rb6+ Kh7 38. Rc6 h5 39. Rc5
Kg6 40. g4 h4 41. Ba5 Rh2 42. Bd8 Rxh3+ 43. Ke4 Rh1 44. Rxg5+ Kf7 45. Rh5 h3
46. Kf3 Kg6 47. Kg3 h2 48. Rxh2 Rg1+ 49. Kh3 Rd1 50. Ba5 Kg5 51. Rg2 Rh1+ 52.
Kg3 Rd1 53. Kf2 Rd2+ 54. Kf3 Rd3+ 55. Ke2 Rd5 56. Bb4 Re5+ 57. Kd3 Rd5+ 58. Ke4
Rb5 59. Be7+ Kg6 60. c4 Ra5 61. c5 Kf7 62. Bd6 Ra8 63. Rf2+ Ke6 64. g5 Re8 65.
Rf8 Kd7+ 66. Rxe8 Kxe8 67. g6 Kd7 68. Kd5 Ke8 69. c6 Kd8 70. g7 Ke8 71. g8=Q#
1-0

[Event "Quebec op U1600"]
[Site "Longueuil CAN"]
[Date "2018.07.28"]
[Round "9.69"]
[White "Michel, Andie"]
[Black "Chira, Dan"]
[Result "0-1"]
[WhiteElo "1227"]
[BlackElo "1448"]
[PlyCount "106"]
[EventDate "2018.07.21"]
[EventType "swiss"]
[EventRounds "9"]
[EventCountry "CAN"]

1. d4 Nf6 2. Nf3 c5 3. d5 g6 4. c3 Bg7 5. Bf4 Qb6 6. b3 O-O 7. e3 e6 8. dxe6
dxe6 9. Be2 Nc6 10. O-O Nd5 11. Qc2 Nxf4 12. exf4 Qc7 13. f5 exf5 14. Nbd2 b6
15. a3 Bb7 16. Rac1 Rad8 17. Bb5 a6 18. Bxc6 Bxc6 19. Rcd1 Rfe8 20. Rfe1 Re6
21. Rxe6 fxe6 22. Ng5 Qd7 23. c4 e5 24. b4 Ba4 25. Qc1 Bxd1 26. Qxd1 Qxd2 27.
Qxd2 Rxd2 28. h4 cxb4 29. axb4 Rd4 30. c5 bxc5 31. bxc5 Rxh4 32. Ne6 Rc4 33. g3
e4 34. Kf1 Bd4 35. c6 Bb6 36. Nf4 g5 37. Ne6 h6 38. f4 Kf7 39. Nxg5+ hxg5 40.
fxg5 Rc1+ 41. Ke2 Rg1 42. g6+ Kxg6 43. c7 Bxc7 44. g4 f4 45. Kd2 Ba5+ 46. Ke2
Be1 47. Kd1 f3 48. Kc2 f2 49. Kb3 f1=Q 50. Ka2 Qc4+ 51. Kb1 Rg2 52. g5 Qc2+ 53.
Ka1 Bc3# 0-1

[Event "Quebec op U1800"]
[Site "Longueuil CAN"]
[Date "2018.07.21"]
[Round "1.41"]
[White "Guentchev, Radoslav"]
[Black "Nica, Ion"]
[Result "1-0"]
[WhiteElo "1744"]
[BlackElo "1617"]
[PlyCount "159"]
[EventDate "2018.07.21"]
[EventType "swiss"]
[EventRounds "9"]
[EventCountry "CAN"]

1. d4 g6 2. Nf3 Bg7 3. Bf4 c5 4. Bxb8 Rxb8 5. c3 Qb6 6. Qd2 Nf6 7. e3 Ne4 8.
Qc2 d5 9. Nbd2 Nxd2 10. Qxd2 c4 11. Be2 O-O 12. O-O Bg4 13. h3 Bxf3 14. Bxf3 e6
15. e4 dxe4 16. Bxe4 Rfd8 17. Qe2 Rbc8 18. Rfd1 Qc7 19. d5 f5 20. Bf3 e5 21. d6
Rxd6 22. Rxd6 Qxd6 23. Bxb7 Rc5 24. Rd1 Qc7 25. Bd5+ Kf8 26. Be6 Qc6 27. Rd8+
Ke7 28. Rd7+ Kf6 29. Rf7+ Kxe6 30. Rxg7 Qa4 31. Qd2 Rd5 32. Qg5 Qd1+ 33. Kh2
Rd7 34. Qh6 Rxg7 35. Qxg7 Qd7 36. Qg8+ Qf7 37. Qc8+ Kf6 38. Qc5 a6 39. f3 h6
40. Qd6+ Qe6 41. Qf8+ Qf7 42. Qxh6 Qe8 43. h4 e4 44. fxe4 fxe4 45. Qf4+ Kg7 46.
Qe3 Qe5+ 47. g3 Qb5 48. Qd2 e3 49. Qe2 Qf5 50. Kg1 Qb1+ 51. Kg2 Qxa2 52. Kf3 a5
53. Kxe3 a4 54. Kd4 Qb3 55. Qe7+ Kh6 56. Qb4 Qd1+ 57. Kxc4 Qg4+ 58. Kb5 Qd7+
59. Ka6 Qc6+ 60. Qb6 Qc4+ 61. Ka5 a3 62. Qe3+ Kh7 63. bxa3 Qd5+ 64. Kb4 Qd6+
65. Kb3 Qd5+ 66. c4 Qb7+ 67. Kc2 Qg2+ 68. Kc3 Qb7 69. c5 Qb1 70. Kd4 Qd1+ 71.
Ke5 Qh5+ 72. Kd6 Qd1+ 73. Kc7 Qd5 74. Qe7+ Kh6 75. Qg5+ Qxg5 76. hxg5+ Kxg5 77.
a4 Kg4 78. a5 Kxg3 79. a6 g5 80. a7 1-0

[Event "Quebec op U1800"]
[Site "Longueuil CAN"]
[Date "2018.07.21"]
[Round "1.43"]
[White "Simard, Francois"]
[Black "Kara Raja, Ravi Kiran"]
[Result "0-1"]
[WhiteElo "1716"]
[BlackElo "1609"]
[PlyCount "72"]
[EventDate "2018.07.21"]
[EventType "swiss"]
[EventRounds "9"]
[EventCountry "CAN"]

1. d4 Nf6 2. c4 e6 3. Nc3 Bb4 4. Bg5 O-O 5. Nf3 d6 6. a3 Bxc3+ 7. bxc3 b6 8. g3
Bb7 9. Bg2 Nbd7 10. O-O h6 11. Bxf6 Nxf6 12. Qc2 c5 13. Nd2 Bxg2 14. Kxg2 Qc7
15. Rfc1 Rfc8 16. Ra2 Qb7+ 17. Kg1 cxd4 18. cxd4 d5 19. Qb1 dxc4 20. Rac2 b5
21. Nxc4 Qa6 22. Ne5 Rxc2 23. Rxc2 Qxa3 24. Rc7 Rf8 25. Qxb5 Qa1+ 26. Kg2 Qxd4
27. Nc6 Qe4+ 28. f3 Qe3 29. Rxa7 Nd5 30. Ne7+ Kh8 31. Rd7 Nc3 32. Qd3 Qxe2+ 33.
Qxe2 Nxe2 34. Kf2 Nc3 35. Ke3 g6 36. Kd3 Na4 0-1

[Event "Quebec op U1800"]
[Site "Longueuil CAN"]
[Date "2018.07.21"]
[Round "1.44"]
[White "Piche, Guy"]
[Black "Vormer, Casey"]
[Result "1-0"]
[WhiteElo "1601"]
[BlackElo "1700"]
[PlyCount "81"]
[EventDate "2018.07.21"]
[EventType "swiss"]
[EventRounds "9"]
[EventCountry "CAN"]

1. d4 d5 2. Nf3 Nf6 3. c4 c6 4. e3 Bf5 5. Nc3 e6 6. Be2 Bb4 7. Bd2 Bxc3 8. Bxc3
Ne4 9. O-O Qf6 10. cxd5 cxd5 11. Qa4+ Nc6 12. Ne5 O-O 13. Nd7 Qg6 14. Nxf8 Rxf8
15. Rfe1 Bh3 16. Bf1 Nxf2 17. Kxf2 Qf6+ 18. Kg1 Qg6 19. Qd1 Ne7 20. Qf3 Bg4 21.
Qf4 Nf5 22. Be2 Bh3 23. Qf3 Bg4 24. Qxg4 Qxg4 25. Bxg4 Nh6 26. Bh3 f5 27. Bb4
Re8 28. Bd6 Nf7 29. Be5 g5 30. g3 g4 31. Bf1 Ng5 32. Bg2 Kf7 33. Rac1 Kg6 34.
Rc7 Rg8 35. Rec1 h5 36. Rxb7 Nf7 37. Rcc7 Nxe5 38. dxe5 f4 39. exf4 d4 40. Be4+
Kh6 41. Rh7# 1-0

[Event "Quebec op U1800"]
[Site "Longueuil CAN"]
[Date "2018.07.21"]
[Round "1.45"]
[White "Kozlov, Guennadi"]
[Black "Rabutki, Dimitri"]
[Result "1/2-1/2"]
[WhiteElo "1699"]
[BlackElo "1595"]
[PlyCount "89"]
[EventDate "2018.07.21"]
[EventType "swiss"]
[EventRounds "9"]
[EventCountry "CAN"]

1. c4 b6 2. d4 Bb7 3. Nc3 d5 4. cxd5 Bxd5 5. Nxd5 Qxd5 6. Nf3 e6 7. a3 Nf6 8.
g3 Nbd7 9. Bg2 Rd8 10. O-O Qh5 11. Qc2 c5 12. e3 Be7 13. Qa4 a5 14. Ne5 O-O 15.
Nc6 Rde8 16. Nxe7+ Rxe7 17. Bd2 Qe2 18. Bc3 Nd5 19. Bxd5 exd5 20. dxc5 Nxc5 21.
Qd4 Ne6 22. Qxb6 Qf3 23. Qxa5 Ng5 24. h4 Nh3+ 25. Kh2 Nxf2 26. Bd4 Ng4+ 27. Kh3
Nf2+ 28. Rxf2 Qxf2 29. Qxd5 Re6 30. Qg5 Rg6 31. Qf4 Qc2 32. Rf1 Qd3 33. g4 Rc6
34. Rf2 Re6 35. Qf5 Qd1 36. Qf3 Qd3 37. Qf5 Qb3 38. h5 Qb7 39. Qf3 Qb3 40. Qf4
Qb7 41. g5 Qd7 42. Kg3 Rfe8 43. Rf3 Qb7 44. Qf5 Qc7+ 45. Qf4 1/2-1/2

[Event "Quebec op U1800"]
[Site "Longueuil CAN"]
[Date "2018.07.21"]
[Round "1.46"]
[White "Varfalvy, Peter"]
[Black "Khudaverdian, Berj"]
[Result "0-1"]
[WhiteElo "1594"]
[BlackElo "1696"]
[PlyCount "86"]
[EventDate "2018.07.21"]
[EventType "swiss"]
[EventRounds "9"]
[EventCountry "CAN"]

1. Nf3 d6 2. d4 Nf6 3. Bf4 g6 4. e3 Bg7 5. Be2 O-O 6. c3 Nbd7 7. Nbd2 b6 8. Qa4
Bb7 9. Ba6 Qc8 10. Bxb7 Qxb7 11. O-O b5 12. Qc2 h6 13. h3 Kh7 14. e4 Ng8 15.
Rfe1 e5 16. dxe5 dxe5 17. Be3 c5 18. a4 a6 19. axb5 axb5 20. Nb3 c4 21. Nc5
Nxc5 22. Bxc5 Rfd8 23. b3 Rxa1 24. Rxa1 Qc6 25. b4 Nf6 26. Nxe5 Qxe4 27. Qxe4
Nxe4 28. Bd4 f6 29. Nc6 Rd6 30. Na7 Rd5 31. Re1 f5 32. Bxg7 Kxg7 33. Rc1 Kf6
34. f3 Nd6 35. Nc6 Rd3 36. Rc2 f4 37. Kf2 Nf5 38. Na7 Rd6 39. Ra2 Ng3 40. Ra6
Kg7 41. Rc6 Rd1 42. Rc7+ Kf6 43. Rc6+ Kg5 0-1

[Event "Quebec op U1800"]
[Site "Longueuil CAN"]
[Date "2018.07.21"]
[Round "1.47"]
[White "Abi Ayad, Zohayr"]
[Black "Brunet, Guy"]
[Result "1-0"]
[WhiteElo "1692"]
[BlackElo "1593"]
[PlyCount "85"]
[EventDate "2018.07.21"]
[EventType "swiss"]
[EventRounds "9"]
[EventCountry "CAN"]

1. e4 d5 2. exd5 Qxd5 3. Nc3 Qd6 4. d4 Nf6 5. h3 Bf5 6. Nf3 e6 7. Ne5 c6 8. Bf4
Qb4 9. Qd2 Nd5 10. Nxd5 Qxd2+ 11. Kxd2 exd5 12. c4 Be6 13. c5 Nd7 14. Nf3 Be7
15. Bd3 O-O 16. Rhe1 Rfe8 17. Rac1 h6 18. Rc3 b5 19. a4 b4 20. Rcc1 a5 21. Kc2
Bf8 22. Kb3 Nf6 23. Ne5 Rec8 24. g4 Nd7 25. Nf3 Re8 26. Re3 Nf6 27. g5 hxg5 28.
Nxg5 Bd7 29. Rce1 Rxe3 30. Rxe3 Re8 31. Rxe8 Nxe8 32. h4 Be7 33. Nf3 Nf6 34.
Bc7 Nh5 35. Bxa5 Nf4 36. Bf1 Bg4 37. Ne5 Be2 38. Bxe2 Nxe2 39. Nf3 Bf6 40. Bxb4
Bxd4 41. a5 Nc1+ 42. Kc2 Na2 43. Ba3 1-0

[Event "Quebec op U1800"]
[Site "Longueuil CAN"]
[Date "2018.07.26"]
[Round "7.46"]
[White "Simard, Francois"]
[Black "Nica, Ion"]
[Result "1-0"]
[WhiteElo "1716"]
[BlackElo "1617"]
[PlyCount "115"]
[EventDate "2018.07.21"]
[EventType "swiss"]
[EventRounds "9"]
[EventCountry "CAN"]

1. d4 d5 2. c4 e5 3. dxe5 d4 4. Nf3 Nc6 5. g3 Bg4 6. Bg2 Qd7 7. O-O O-O-O 8. b3
h5 9. h4 Nh6 10. Re1 Bb4 11. Bd2 Be7 12. Qc1 Nf5 13. Bg5 Rhe8 14. Bxe7 Rxe7 15.
Qf4 Nh6 16. Na3 Qf5 17. Rad1 Qxf4 18. gxf4 Nf5 19. Kh2 Bxf3 20. Bxf3 Nb4 21. e3
Nxh4 22. Bxh5 Rh8 23. Bg4+ Kb8 24. Kg3 Ng6 25. exd4 Nxa2 26. Nc2 a5 27. Ra1 Nb4
28. Nxb4 axb4 29. Ra4 Rd8 30. Rea1 c6 31. c5 Kc7 32. Rxb4 Nf8 33. Rba4 Ne6 34.
Bxe6 Rxe6 35. Rh1 Rg6+ 36. Kf3 f5 37. Ke3 Rg4 38. Rh5 Rf8 39. Rg5 Rxg5 40. fxg5
g6 41. Kf4 Rh8 42. f3 Rh4+ 43. Kg3 Rh1 44. Ra8 Rd1 45. Rg8 Rxd4 46. Rg7+ Kc8
47. Rxg6 Rd5 48. Kf4 Rxc5 49. Rf6 Rc1 50. g6 Rg1 51. Kxf5 Kc7 52. Ke6 c5 53.
Kf7 b5 54. g7 c4 55. bxc4 b4 56. g8=Q Rxg8 57. Kxg8 b3 58. c5 1-0

[Event "Quebec op U2000"]
[Site "Longueuil CAN"]
[Date "2018.07.21"]
[Round "1.26"]
[White "Marcone, Malcom"]
[Black "Steinberg, Ellis"]
[Result "0-1"]
[WhiteElo "1997"]
[BlackElo "1801"]
[PlyCount "60"]
[EventDate "2018.07.21"]
[EventType "swiss"]
[EventRounds "9"]
[EventCountry "CAN"]

1. d4 Nf6 2. c4 g6 3. Nc3 Bg7 4. e4 d6 5. Nf3 O-O 6. Be2 e5 7. O-O Nc6 8. d5
Ne7 9. Ne1 Ne8 10. Nd3 f5 11. f3 f4 12. Bd2 g5 13. g4 Rf6 14. c5 h5 15. h3 Rh6
16. Kg2 Ng6 17. Be1 Bf8 18. Bf2 Qd7 19. c6 Qh7 20. cxb7 Bxb7 21. Rh1 Be7 22.
Rc1 a6 23. Qb3 Bc8 24. Qa4 Bb7 25. Nb4 Kf7 26. Nc6 Nf6 27. Na5 Rh8 28. Nxb7
hxg4 29. Bxa6 Rxh3 30. fxg4 Rxh1 0-1

[Event "Quebec op U2000"]
[Site "Longueuil CAN"]
[Date "2018.07.21"]
[Round "1.27"]
[White "Guipi Bopala, Prince Eric jr"]
[Black "Beaudry, Marc-Andre"]
[Result "1/2-1/2"]
[WhiteElo "1796"]
[BlackElo "1996"]
[PlyCount "65"]
[EventDate "2018.07.21"]
[EventType "swiss"]
[EventRounds "9"]
[EventCountry "CAN"]

1. d4 Nf6 2. c4 e6 3. Nc3 Bb4 4. e3 O-O 5. Nge2 d5 6. a3 Bd6 7. c5 Be7 8. Nf4
b6 9. b4 c6 10. Bd3 Nbd7 11. O-O e5 12. Nfe2 e4 13. Bc2 a5 14. Bd2 Re8 15. Nf4
Ba6 16. Re1 Bc4 17. Na4 b5 18. Nb2 a4 19. Ne2 Bxe2 20. Qxe2 Bf8 21. Nd1 Re6 22.
Nc3 Rb8 23. Qd1 h5 24. Ne2 Ng4 25. h3 Nh6 26. Nf4 Rf6 27. Nxh5 Rf5 28. Ng3 Rg5
29. Rf1 Rg6 30. Be1 f5 31. f3 Qg5 32. f4 Qf6 33. Nh1 1/2-1/2

[Event "Quebec op U2000"]
[Site "Longueuil CAN"]
[Date "2018.07.21"]
[Round "1.28"]
[White "De Lagrave, Sylvain"]
[Black "Chevalier, Francois"]
[Result "1-0"]
[WhiteElo "1953"]
[BlackElo "1782"]
[PlyCount "73"]
[EventDate "2018.07.21"]
[EventType "swiss"]
[EventRounds "9"]
[EventCountry "CAN"]

1. e4 e5 2. Nf3 Nc6 3. Bb5 g6 4. Nc3 Bd6 5. Bxc6 dxc6 6. d4 Bg4 7. dxe5 Bxf3 8.
Qxf3 Bxe5 9. Bf4 Qf6 10. Bxe5 Qxe5 11. O-O-O Nf6 12. Qe3 Ng4 13. Qd2 O-O 14. f4
Qe7 15. h3 Rfd8 16. Qe2 Nf6 17. g4 Rxd1+ 18. Rxd1 Rd8 19. Rf1 Qc5 20. g5 Nh5
21. Qf3 Ng7 22. f5 Rd7 23. h4 b5 24. a3 a5 25. Ne2 b4 26. axb4 axb4 27. Ng3 Qa5
28. Kb1 Qe5 29. h5 Nxh5 30. Nxh5 gxh5 31. Rh1 Re7 32. Qxh5 f6 33. g6 Qxe4 34.
gxh7+ Kh8 35. Rg1 Re8 36. Qg6 Qe7 37. Qg8+ 1-0